000 00519nam a22001817a 4500
008 140923b xxu||||| |||| 00| 0 eng d
020 _a0821360477
041 0 _aeng
080 _a355.425
_x(6)
100 1 _aCollier, Paul
245 1 0 _aUnderstanding Civil War - Africa
260 _aWashington :
_bWorld Bank Publications ;
_c2005.
300 _a353 f.:
_bme il.;
_c23 cm.
500 _aPreface: f. XIII-XV
505 _aIndex: f. 339-353
650 0 _aLufta
_zAfrika
942 _2udc
_cBK
999 _c507
_d507